| 000 | 00881cad a22002535a 4500 | ||
|---|---|---|---|
| 001 | L152775 | ||
| 008 | 110421s2011 xxk f 000 0 eng d | ||
| 035 | _a(Sirsi) u152775 | ||
| 041 | 0 | _aeng | |
| 050 | 0 | 4 | _a306.1 $2 18 |
| 100 | 1 | _aKenny, Liz | |
| 245 | 0 | 0 |
_aProtecting your rental income stream _h[electronic resource] |
| 260 |
_aCoventry _bHousemark _bCIH _c2011 |
||
| 520 | _aOffers guidance to social housing providers on protecting their rental income streams in light of reduction in housing benefits. | ||
| 590 | _aKA | ||
| 600 | 1 | 4 | _aWickenden, John |
| 600 | 1 | 4 | _aDavies, Abigail |
| 600 | 1 | 4 | _aLister, Sam |
| 600 | 1 | 4 | _aO'Connor, Paul |
| 651 | 4 |
_aEngland and Wales _y1543- |
|
| 690 | _aPROPERTY-RESIDENTIAL PROPERTY | ||
| 856 | 4 | 0 |
_uhttps://www.cih.org/policy/fpp-ProtectingYourRentalStream-Apr11.pdf _zView the item free of charge at www.cih.org |
| 942 | _n0 | ||
| 999 |
_c112210 _d112210 |
||